logo

Bir Sreshtho Munshi Abdur Rouf Library
Jhenaidah Cadet College

অটোডেস্ক থ্রিডিস ম্যাক্স ২০১২ : (Record no. 12126)

MARC details
000 -LEADER
fixed length control field 01005nam a2200241 a 4500
001 - CONTROL NUMBER
JCCL Control Number 12126
003 - CONTROL NUMBER IDENTIFIER
JCCL marc code BD-JhCC
005 - DATE AND TIME OF LATEST TRANSACTION
control field 20210408134018.0
008 - FIXED-LENGTH DATA ELEMENTS--GENERAL INFORMATION
fixed length control field 210318s20112013bg |||| |||| 000 0 ben d
020 ## - INTERNATIONAL STANDARD BOOK NUMBER
International Standard Book Number 9789848980170
035 ## - SYSTEM CONTROL NUMBER
system control number (BD-JhCC)12126
040 ## - CATALOGING SOURCE
Original cataloging agency BD-JhCC
Modifying agency BD-JhCC
041 ## - LANGUAGE CODE
Language code of Book ben
082 ## - DEWEY DECIMAL CLASSIFICATION NUMBER
Classification number 006.696
Author mark and Year AHM 2013
100 ## - MAIN ENTRY--PERSONAL NAME
Personal name আহমেদ, রাজিব
245 ## - TITLE STATEMENT
Title অটোডেস্ক থ্রিডিস ম্যাক্স ২০১২ :
Remainder of title ভার্সনঃ ৫.০, ৬.০, ৭.০, ৯.০ ও ২০১১ এর ক্ষেত্রেও প্রযোজ্য /
Statement of responsibility, etc রাজিব আহমেদ
260 ## - PUBLICATION, DISTRIBUTION, ETC. (IMPRINT)
Place of publication, distribution, etc ঢাকা :
Name of publisher, distributor, etc সিসটেক পাবলিকেশন্স,
Date of publication, distribution, etc ২০১৩.
300 ## - PHYSICAL DESCRIPTION
Pagination viii, ৬২৪ পৃ. :
Other physical details চিত্রাবলী সংযোজিত,
Dimensions ২৪ সেমি.
650 ## - SUBJECT ADDED ENTRY--TOPICAL TERM
Topical term or geographic name as entry element Computer graphics
650 ## - SUBJECT ADDED ENTRY--TOPICAL TERM
Topical term or geographic name as entry element Three-dimensional display systems
650 ## - SUBJECT ADDED ENTRY--TOPICAL TERM
Topical term or geographic name as entry element Computer animation
942 ## - ADDED ENTRY ELEMENTS (KOHA)
Source of classification or shelving scheme Dewey Decimal Classification
Koha item type Books
Koha issues (borrowed), all copies 2
Holdings
Source of classification or shelving scheme Damaged status Not for loan Home library Current library Shelving location Date of accession Cost, normal purchase price Total Checkouts Full call number Barcode Date last seen Date checked out Copy number Koha item type
Dewey Decimal Classification     JCC Rouf Library JCC Rouf Library General Stacks 03/18/2021 338.00 1 006.696 AHM 2013 16499 09/14/2021 04/07/2021 C-1 Books

JCC Library | Contacts | JCC Home

Last Update on 23 September 2017
Copyright @ 2017-2020 JCC Rouf Library
Rouf Library, Jhenidah Cadet College (JCC), Bangladesh